| 000 | 00342nam a22001337a 4500 | ||
|---|---|---|---|
| 082 | _aP-156 | ||
| 100 |
_aMuhammad Ahmad. _96863 |
||
| 245 |
_aStructural design. _cRaza Noor Ali Khan |
||
| 260 |
_aRisalpur: _bMCE. _c12-10-2005 |
||
| 526 |
_a0 _b0 _c0 _dP_156 |
||
| 650 | _aProject | ||
| 700 |
_aDr. Shamshad Ahmad Khan _948043 |
||
| 942 |
_2ddc _cBK |
||
| 999 |
_c551086 _d551086 |
||